[Event "BCF-chT4S 1718 (4NCL)"]
[Site "England"]
[Date "2018.05.07"]
[Round "11.13"]
[White "Singleton, Michael Peter F"]
[Black "Gibbs, Dominic V"]
[Result "0-1"]
[WhiteElo "2085"]
[BlackElo "1842"]
[PlyCount "84"]
[EventDate "2017.11.11"]
[EventType "team-swiss"]
[EventRounds "11"]
[EventCountry "ENG"]
[SourceTitle "EXT 2020"]
[Source "ChessBase"]
[SourceDate "2019.10.17"]
[SourceVersion "1"]
[SourceVersionDate "2019.10.17"]
[SourceQuality "1"]
[WhiteTeam "Surbiton"]
[BlackTeam "Iceni II"]
[WhiteTeamCountry "ENG"]
[BlackTeamCountry "ENG"]

1. d4 f5 2. e4 fxe4 3. Nc3 Nf6 4. f3 d5 5. fxe4 dxe4 6. Bc4 Nc6 7. Nge2 Na5 8. Bb5+ c6 9. Ba4 b5 10. Bb3 Nxb3 11. axb3 Bf5 12. 0-0 e6 13. Bf4 Be7 14. h3 0-0 15. Qd2 Nd5 16. Nxd5 exd5 17. Be5 Bd6 18. Qc3 Qc7 19. Nf4 Bxe5 20. dxe5 Qb6+ 21. Kh1 e3 22. b4 Rae8 23. Rae1 g5 24. Nh5 d4 25. Qb3+ Be6 26. Rxf8+ Kxf8 27. Qd3 Re7 28. Nf6 g4 29. Rf1 Rf7 30. Nxh7+ Ke7 31. Rxf7+ Bxf7 32. hxg4 c5 33. Nf6 Qd8 34. bxc5 Qh8+ 35. Kg1 Qh4 36. Qf1 Bc4 37. Qf3 Qe1+ 38. Kh2 Qh4+ 39. Qh3 Qxh3+ 40. gxh3 e2 41. c6 e1Q 42. c7 Be6 0-1

[Event "BCF-chT4S 1718 (4NCL)"]
[Site "England"]
[Date "2018.01.14"]
[Round "4.112"]
[White "Gazes, Matthew"]
[Black "Singleton, Michael Peter F"]
[Result "0-1"]
[WhiteElo "1766"]
[BlackElo "2085"]
[PlyCount "106"]
[EventDate "2017.11.11"]
[EventType "team-swiss"]
[EventRounds "11"]
[EventCountry "ENG"]
[SourceTitle "EXT 2020"]
[Source "ChessBase"]
[SourceDate "2019.10.17"]
[SourceVersion "1"]
[SourceVersionDate "2019.10.17"]
[SourceQuality "1"]
[WhiteTeam "Invicta Chess"]
[BlackTeam "Surbiton"]
[WhiteTeamCountry "ENG"]
[BlackTeamCountry "ENG"]

1. c4 Nf6 2. Nc3 g6 3. e4 d6 4. d4 Bg7 5. Nf3 0-0 6. Be2 c5 7. d5 e6 8. 0-0 exd5 9. exd5 Bg4 10. Bg5 h6 11. Be3 Nbd7 12. Nd2 Bxe2 13. Qxe2 Re8 14. Rfe1 a6 15. a4 Re7 16. Kh1 Qf8 17. f3 Rae8 18. Qf2 Ne5 19. Qf1 Nh7 20. Nde4 Rd7 21. Nxd6 Qxd6 22. Ne4 Qb8 23. Nxc5 Rde7 24. Ne4 f5 25. Nd2 Nd7 26. Bf2 Bxb2 27. Rad1 Rxe1 28. Rxe1 Rxe1 29. Qxe1 Qe5 30. Qxe5 Bxe5 31. Nb3 Nhf6 32. Na5 b6 33. Nb7 Ne8 34. a5 bxa5 35. Nxa5 Bc7 36. Nb3 a5 37. c5 a4 38. Nc1 a3 39. d6 Nxd6 40. cxd6 Bxd6 41. Kg1 Kf7 42. Be3 f4 43. Bd2 Ke6 44. Kf1 Kd5 45. Ke2 Kc4 46. Kd1 g5 47. Kc2 Be5 48. Na2 Nc5 49. Bb4 Bb2 50. Bxc5 Kxc5 51. Kb3 Kd4 52. Nb4 Ke3 53. h4 Kf2 0-1

[Event "BCF-chT3Sa 1617 (4NCL)"]
[Site "England"]
[Date "2017.02.11"]
[Round "5.42"]
[White "Pleasants, Allan J"]
[Black "Singleton, Michael Peter F"]
[Result "1-0"]
[WhiteElo "2018"]
[BlackElo "2103"]
[PlyCount "75"]
[EventDate "2016.11.26"]
[EventType "team-tourn"]
[EventRounds "11"]
[EventCountry "ENG"]
[SourceTitle "EXT 2019"]
[Source "ChessBase"]
[SourceDate "2018.10.10"]
[SourceVersion "1"]
[SourceVersionDate "2018.10.10"]
[SourceQuality "1"]
[WhiteTeam "Wessex"]
[BlackTeam "Surbiton"]
[WhiteTeamCountry "ENG"]
[BlackTeamCountry "ENG"]

1. d4 Nf6 2. Bg5 c5 3. d5 d6 4. Bxf6 gxf6 5. Nc3 f5 6. e3 Nd7 7. Nh3 a6 8. a4 Nf6 9. Nf4 Bg7 10. Be2 Bd7 11. 0-0 0-0 12. Qd3 Qc7 13. a5 Rad8 14. Rfd1 Bc8 15. Qc4 Kh8 16. Ra3 Rg8 17. b4 Nd7 18. b5 Ne5 19. Qa2 Qd7 20. bxa6 bxa6 21. Na4 Qe8 22. Nb6 Bb7 23. Rb1 Bh6 24. Qb2 Bg7 25. Qb3 Rb8 26. h3 Bh6 27. Qc3 f6 28. Rab3 Qf7 29. Bh5 Qg7 30. g3 Bxf4 31. exf4 Qh6 32. fxe5 dxe5 33. Bf7 Rg7 34. Nd7 Rxf7 35. Rxb7 Rxb7 36. Rxb7 Qxh3 37. Nxe5 Rf8 38. Nd7 1-0

[Event "BCF-chT3Sa 1617 (4NCL)"]
[Site "England"]
[Date "2017.01.14"]
[Round "3.24"]
[White "Singleton, Michael Peter F"]
[Black "Grigoryan, Meri"]
[Result "1/2-1/2"]
[WhiteElo "2095"]
[BlackElo "2057"]
[PlyCount "85"]
[EventDate "2016.11.26"]
[EventType "team-tourn"]
[EventRounds "11"]
[EventCountry "ENG"]
[SourceTitle "EXT 2019"]
[Source "ChessBase"]
[SourceDate "2018.10.10"]
[SourceVersion "1"]
[SourceVersionDate "2018.10.10"]
[SourceQuality "1"]
[WhiteTeam "Surbiton"]
[BlackTeam "Wood Green"]
[WhiteTeamCountry "ENG"]
[BlackTeamCountry "ENG"]

1. d4 d5 2. c4 e5 3. dxe5 d4 4. Nf3 Nc6 5. g3 Nge7 6. Bg2 Ng6 7. Bf4 Nxf4 8. gxf4 f6 9. Nbd2 fxe5 10. fxe5 Bc5 11. a3 a5 12. Ne4 Qe7 13. Qa4 0-0 14. Nxc5 Qxc5 15. Qb5 Qe7 16. Rd1 Rd8 17. 0-0 a4 18. c5 Ra5 19. Qd3 Rxc5 20. e3 dxe3 21. Qxe3 Re8 22. Rfe1 Bg4 23. b4 Bxf3 24. bxc5 Bxd1 25. Bd5+ Kh8 26. Bxc6 bxc6 27. Rxd1 h6 28. f4 g5 29. fxg5 Qxe5 30. Qxe5+ Rxe5 31. Rd8+ Kh7 32. Rd7+ Kg6 33. gxh6 Kxh6 34. Rxc7 Rxc5 35. Kf2 Rc3 36. Ke2 Kg5 37. Kd2 Rxa3 38. Rxc6 Rh3 39. Ra6 a3 40. Kc1 Kf4 41. Ra4+ Ke5 42. Kb1 Rxh2 43. Rxa3 1/2-1/2

[Event "BCF-chT3Sa 1617 (4NCL)"]
[Site "England"]
[Date "2016.11.27"]
[Round "2.34"]
[White "Gibson, Christopher A"]
[Black "Singleton, Michael Peter F"]
[Result "1-0"]
[WhiteElo "1950"]
[BlackElo "2108"]
[PlyCount "121"]
[EventDate "2016.11.26"]
[EventType "team-tourn"]
[EventRounds "11"]
[EventCountry "ENG"]
[SourceTitle "EXT 2019"]
[Source "ChessBase"]
[SourceDate "2018.10.10"]
[SourceVersion "1"]
[SourceVersionDate "2018.10.10"]
[SourceQuality "1"]
[WhiteTeam "The Rookies"]
[BlackTeam "Surbiton"]
[WhiteTeamCountry "ENG"]
[BlackTeamCountry "ENG"]

1. e4 c5 2. c3 d5 3. exd5 Qxd5 4. d4 cxd4 5. cxd4 Nc6 6. Nf3 e5 7. Nc3 Bb4 8. Bd2 Bxc3 9. Bxc3 e4 10. Ne5 Nxe5 11. dxe5 Ne7 12. Be2 0-0 13. 0-0 Be6 14. Qa4 a6 15. Qa3 Ng6 16. Rfd1 Qc6 17. Rd6 Qc8 18. Qa4 Bf5 19. g3 Re8 20. e6 Rxe6 21. Qd4 Qf8 22. Rxe6 fxe6 23. Rd1 Kh8 24. Qb6 Qc8 25. Qd6 Qf8 26. Qc7 e5 27. Qxb7 h6 28. Bh5 Rd8 29. Rxd8 Qxd8 30. Qxa6 Qd3 31. Be2 Qb1+ 32. Kg2 Qc1 33. Qd6 Qg5 34. Bd2 e3 35. Bxe3 Be4+ 36. Kf1 Qf5 37. h4 Kh7 38. g4 Qc8 39. f3 Bb7 40. Bd3 e4 41. Bb5 Nxh4 42. Qd7 Nxf3 43. Qxc8 Bxc8 44. Bc6 Nh2+ 45. Kg2 Nxg4 46. Bxe4+ Kg8 47. Bd4 Be6 48. a4 Kf7 49. a5 Bc4 50. Bb7 Nf6 51. Bxf6 Kxf6 52. a6 Bxa6 53. Bxa6 Ke5 54. Kf2 Kd4 55. Ke2 Kc5 56. Kd2 Kb4 57. Be2 g6 58. Bd3 g5 59. Be2 Kb3 60. Kc1 Kb4 61. Kc2 1-0

[Event "BCF-chT3Sd 1516 (4NCL)"]
[Site "England"]
[Date "2016.05.02"]
[Round "11.96"]
[White "Singleton, Michael Peter F"]
[Black "Trevelyan, John"]
[Result "0-1"]
[WhiteElo "2126"]
[BlackElo "2087"]
[PlyCount "110"]
[EventDate "2016.03.20"]
[EventType "team-swiss"]
[EventRounds "11"]
[EventCountry "ENG"]
[SourceTitle "EXT 2017"]
[Source "ChessBase"]
[SourceDate "2016.10.25"]
[SourceVersion "1"]
[SourceVersionDate "2016.10.25"]
[SourceQuality "1"]
[WhiteTeam "Surbiton"]
[BlackTeam "Rhyfelwyr Essyllwg"]
[WhiteTeamCountry "ENG"]
[BlackTeamCountry "ENG"]

1. d4 d6 2. c4 e5 3. d5 f5 4. Nc3 g6 5. e4 Bh6 6. Nf3 Bxc1 7. Qxc1 f4 8. h4 Bg4 9. c5 a6 10. Nd2 Ne7 11. f3 Bd7 12. Nc4 Nc8 13. Qc2 Bb5 14. Nxb5 axb5 15. Na3 c6 16. 0-0-0 Qe7 17. dxc6 bxc6 18. cxd6 Nxd6 19. Qb3 Nf7 20. Nxb5 cxb5 21. Bxb5+ Kf8 22. h5 Kg7 23. hxg6 Rc8+ 24. Kb1 hxg6 25. Bc4 Ng5 26. Bd5 Ra7 27. Qb6 Rac7 28. Rc1 Rxc1+ 29. Rxc1 Rxc1+ 30. Kxc1 Nd7 31. Qb5 Nc5 32. a4 Qc7 33. Kd2 Nge6 34. a5 Nd4 35. Qb6 Qxb6 36. axb6 Kf8 37. Kc3 Na4+ 38. Kc4 Ke7 39. b7 Nb6+ 40. Kb4 Nd7 41. Ka5 Kd6 42. b4 Kc7 43. Ka6 Kb8 44. b5 g5 45. Bc6 Nc5+ 46. Kb6 Nd3 47. Bd7 Ne1 48. Bh3 Nexf3 49. gxf3 Nxf3 50. Kc5 Ng1 51. Bf1 g4 52. Kd5 Nf3 53. Be2 Kxb7 54. Kc4 Nh2 55. Kd3 g3 0-1

[Event "BCF-chT3Sd 1516 (4NCL)"]
[Site "England"]
[Date "2016.04.30"]
[Round "9.99"]
[White "Singleton, Michael Peter F"]
[Black "McGann, Gary"]
[Result "1/2-1/2"]
[WhiteElo "2126"]
[BlackElo "2088"]
[PlyCount "26"]
[EventDate "2016.03.20"]
[EventType "team-swiss"]
[EventRounds "11"]
[EventCountry "ENG"]
[SourceTitle "EXT 2017"]
[Source "ChessBase"]
[SourceDate "2016.10.25"]
[SourceVersion "1"]
[SourceVersionDate "2016.10.25"]
[SourceQuality "1"]
[WhiteTeam "Surbiton"]
[BlackTeam "Leeds University Old Boys"]
[WhiteTeamCountry "ENG"]
[BlackTeamCountry "ENG"]

1. d4 e6 2. c4 b6 3. Nc3 Bb7 4. Nf3 Nf6 5. Bg5 Bb4 6. e3 h6 7. Bxf6 Bxc3+ 8. bxc3 Qxf6 9. Bd3 0-0 10. e4 d6 11. 0-0 Nd7 12. Re1 e5 13. Bc2 Rfd8 1/2-1/2

[Event "BCF-chT3Sb 1516 (4NCL)"]
[Site "England"]
[Date "2016.02.13"]
[Round "5.96"]
[White "Pleasants, Allan J"]
[Black "Singleton, Michael Peter F"]
[Result "1/2-1/2"]
[WhiteElo "2049"]
[BlackElo "2142"]
[PlyCount "97"]
[EventDate "2015.11.14"]
[EventType "team-swiss"]
[EventRounds "7"]
[EventCountry "ENG"]
[SourceTitle "EXT 2017"]
[Source "ChessBase"]
[SourceDate "2016.10.25"]
[SourceVersion "1"]
[SourceVersionDate "2016.10.25"]
[SourceQuality "1"]
[WhiteTeam "Wessex"]
[BlackTeam "Surbiton"]
[WhiteTeamCountry "ENG"]
[BlackTeamCountry "ENG"]

1. e4 c5 2. Nf3 Nc6 3. Bb5 g6 4. 0-0 Bg7 5. Bxc6 bxc6 6. d3 Nf6 7. e5 Nd5 8. c4 Nc7 9. Nc3 0-0 10. Be3 Ne6 11. Qd2 d5 12. Bh6 Rb8 13. Bxg7 Kxg7 14. b3 Qd7 15. Na4 Qc7 16. Rac1 Rd8 17. Qe3 Qa5 18. h4 h5 19. Rfe1 Rb7 20. Ng5 Nd4 21. cxd5 Rxd5 22. Nc3 Nf5 23. Qe4 Rd4 24. Qxc6 Qd8 25. Qxc5 Rc7 26. Qa5 Rxd3 27. Rcd1 Rcd7 28. Qxd8 Rxd8 29. Nge4 Nxh4 30. Rxd3 Rxd3 31. Rd1 Rxd1+ 32. Nxd1 Bb7 33. Ndc3 f5 34. exf6+ exf6 35. f3 Nf5 36. b4 Bxe4 37. Nxe4 Nd4 38. a4 Kf7 39. b5 Ke6 40. Kf2 f5 41. Nc3 g5 42. a5 Kd6 43. g4 hxg4 44. fxg4 fxg4 45. Kg3 Kc5 46. b6 a6 47. Kxg4 Kc6 48. Kxg5 Nb3 49. Nd5 1/2-1/2

[Event "BCF-chT3S 1415 (4NCL)"]
[Site "England"]
[Date "2015.01.10"]
[Round "3.79"]
[White "Singleton, Michael Peter F"]
[Black "Bullen, Alex"]
[Result "1-0"]
[WhiteElo "2118"]
[BlackElo "2017"]
[PlyCount "109"]
[EventDate "2014.11.15"]
[EventType "team-swiss"]
[EventRounds "6"]
[EventCountry "ENG"]
[SourceTitle "EXT 2016"]
[Source "ChessBase"]
[SourceDate "2015.10.08"]
[SourceVersion "1"]
[SourceVersionDate "2015.10.08"]
[SourceQuality "1"]
[WhiteTeam "Guildford IV"]
[BlackTeam "West is Best"]
[WhiteTeamCountry "ENG"]
[BlackTeamCountry "ENG"]

1. d4 d5 2. c4 e6 3. Nc3 Nf6 4. Bg5 Nbd7 5. Nf3 c6 6. e3 Qa5 7. Nd2 Bb4 8. Qc2 e5 9. dxe5 Ne4 10. Ndxe4 dxe4 11. Be2 Nxe5 12. 0-0 Nf3+ 13. Bxf3 exf3 14. Ne4 fxg2 15. Rfd1 Bf5 16. a3 Qe5 17. f3 Bxe4 18. Qxe4 Qxe4 19. fxe4 Be7 20. Bxe7 Kxe7 21. Kxg2 Rad8 22. Rd4 Kf6 23. Kf3 Rde8 24. Rg1 g6 25. Kf4 Re6 26. c5 Rhe8 27. Rd6 Kg7 28. Rxe6 Rxe6 29. Rd1 Rf6+ 30. Kg3 Re6 31. Rd4 Kf6 32. Kf3 Ke7 33. Rb4 b6 34. cxb6 axb6 35. Rxb6 Kd6 36. Rb7 Rf6+ 37. Ke2 h5 38. a4 Re6 39. Kd3 f6 40. b4 Ke5 41. Rd7 Re8 42. a5 Rb8 43. Rd4 g5 44. Kc4 g4 45. Kc5 h4 46. a6 g3 47. hxg3 hxg3 48. a7 Rg8 49. Kxc6 g2 50. Rd1 Kxe4 51. b5 Kf3 52. b6 Rh8 53. Rg1 f5 54. b7 Kf2 55. Rxg2+ 1-0

[Event "BCF-chT2 1011 (4NCL)"]
[Site "England"]
[Date "2011.01.15"]
[Round "3.54"]
[White "Rutter, Nicholas J"]
[Black "Singleton, Michael Peter F"]
[Result "1-0"]
[WhiteElo "2191"]
[BlackElo "2162"]
[PlyCount "91"]
[EventDate "2010.11.06"]
[EventType "team-swiss"]
[EventRounds "11"]
[EventCountry "ENG"]
[SourceTitle "EXT 2012"]
[Source "ChessBase"]
[SourceDate "2011.11.24"]
[SourceVersion "1"]
[SourceVersionDate "2011.11.24"]
[SourceQuality "1"]
[WhiteTeam "Wessex"]
[BlackTeam "Guildford A&DC II"]
[WhiteTeamCountry "ENG"]
[BlackTeamCountry "ENG"]

1. e4 c5 2. Nf3 d6 3. d4 cxd4 4. Nxd4 Nf6 5. Nc3 g6 6. Be3 Bg7 7. f3 0-0 8. Qd2 Nc6 9. 0-0-0 d5 10. Kb1 e5 11. Nxc6 bxc6 12. exd5 cxd5 13. Nxd5 Be6 14. Nxf6+ Qxf6 15. Bg5 Qf5 16. g4 Qxf3 17. Bg2 Qxg4 18. Bxa8 Rxa8 19. Qd8+ Rxd8 20. Rxd8+ Bf8 21. Bh6 Qb4 22. a3 Qe7 23. Rxf8+ Qxf8 24. Bxf8 Kxf8 25. Re1 f6 26. b3 Ke7 27. c4 Kd6 28. Kb2 f5 29. Kc3 f4 30. h4 h6 31. Rg1 Bf5 32. Rd1+ Ke6 33. c5 Be4 34. Rd6+ Ke7 35. h5 g5 36. Rg6 Bf5 37. c6 g4 38. Kd2 e4 39. Rg7+ Kd6 40. Rf7 e3+ 41. Ke2 Ke5 42. Rxf5+ Kxf5 43. c7 Ke4 44. c8Q f3+ 45. Ke1 g3 46. Qg4+ 1-0

[Event "Aegean op 30th"]
[Site "Aghios Kirykos"]
[Date "2007.07.13"]
[Round "7"]
[White "Singleton, Michael Peter F"]
[Black "Hadzimanolis, Antonios"]
[Result "1-0"]
[WhiteElo "2188"]
[BlackElo "2301"]
[PlyCount "71"]
[EventDate "2007.07.07"]
[EventType "swiss"]
[EventRounds "9"]
[EventCountry "GRE"]
[SourceTitle "CBM 119 Extra"]
[Source "ChessBase"]
[SourceDate "2007.09.04"]
[SourceVersion "1"]
[SourceVersionDate "2007.09.04"]
[SourceQuality "1"]

1. d4 d5 2. c4 c6 3. Nc3 Nf6 4. Bg5 e6 5. Nf3 h6 6. Bh4 Be7 7. e3 0-0 8. Rc1 Nbd7 9. Bd3 b6 10. cxd5 exd5 11. 0-0 Ne4 12. Bxe7 Qxe7 13. Qa4 Bb7 14. b4 a5 15. b5 c5 16. Bxe4 dxe4 17. Nd2 Rad8 18. Ne2 Ne5 19. Nc4 Nf3+ 20. gxf3 exf3 21. Ng3 cxd4 22. exd4 Rxd4 23. Qa3 Qe6 24. Ne3 Qh3 25. Rfd1 Rh4 26. Ngf1 Re8 27. Qd6 Re6 28. Qb8+ Kh7 29. Kh1 Rh5 30. Rd8 Rhe5 31. Qxb7 Rxe3 32. Nxe3 Rxe3 33. Rh8+ Kg6 34. Rg1+ Kf6 35. fxe3 f2 36. Qc6+ 1-0

[Event "EU-chT Seniors 09th"]
[Site "Dresden"]
[Date "2007.02.23"]
[Round "8"]
[White "Monte, Peter"]
[Black "Singleton, Michael Peter F"]
[Result "0-1"]
[WhiteElo "2101"]
[BlackElo "2172"]
[PlyCount "108"]
[EventDate "2007.02.16"]
[EventType "team-swiss"]
[EventRounds "9"]
[EventCountry "GER"]
[SourceTitle "CBM 117 Extra"]
[Source "ChessBase"]
[SourceDate "2007.05.09"]
[SourceVersion "1"]
[SourceVersionDate "2007.05.09"]
[SourceQuality "1"]

1. e4 c5 2. g3 Nc6 3. Bg2 g6 4. c3 Bg7 5. Ne2 Nf6 6. d4 cxd4 7. cxd4 d6 8. Nbc3 0-0 9. 0-0 Bd7 10. f4 e5 11. fxe5 dxe5 12. Bg5 h6 13. Rxf6 Bxf6 14. Bxh6 Bg7 15. Bxg7 Kxg7 16. Nd5 Bg4 17. dxe5 Nxe5 18. Qd4 f6 19. Nef4 Qd6 20. Rf1 b6 21. h4 Rac8 22. Kh2 Rc2 23. Qa4 Rxb2 24. Qxa7+ Rf7 25. Qa6 Qc6 26. Kh1 Qc2 27. Ne3 Qc8 28. Qa3 Rd2 29. Rc1 Qd7 30. Qb3 Bf3 31. Ne6+ Kh7 32. Bxf3 Nxf3 33. Nf1 Nd4 34. Qxb6 Nxe6 35. Nxd2 Qxd2 36. Rc6 Qd1+ 37. Kh2 Rd7 38. Rxe6 Rd2+ 39. Kh3 Qf1+ 40. Kg4 Qe2+ 41. Kh3 Qf1+ 42. Kg4 Rf2 43. Re7+ Kh6 44. Qe3+ g5 45. hxg5+ Kg6 46. Rd7 Re2 47. Qd3 Rxe4+ 48. Qxe4+ f5+ 49. Kh4 fxe4 50. Rd6+ Kg7 51. Re6 Qh1+ 52. Kg4 Qf3+ 53. Kh4 e3 54. a4 e2 0-1

[Event "EU-chT Seniors 09th"]
[Site "Dresden"]
[Date "2007.02.21"]
[Round "6"]
[White "Singleton, Michael Peter F"]
[Black "Werchan, Hans"]
[Result "1/2-1/2"]
[WhiteElo "2172"]
[BlackElo "2161"]
[PlyCount "65"]
[EventDate "2007.02.16"]
[EventType "team-swiss"]
[EventRounds "9"]
[EventCountry "GER"]
[SourceTitle "CBM 117 Extra"]
[Source "ChessBase"]
[SourceDate "2007.05.09"]
[SourceVersion "1"]
[SourceVersionDate "2007.05.09"]
[SourceQuality "1"]

1. d4 d5 2. c4 c6 3. Nc3 Nf6 4. Bg5 Nbd7 5. Nf3 a6 6. e3 b5 7. cxd5 cxd5 8. Bd3 Bb7 9. 0-0 Ne4 10. Bf4 Ndf6 11. Nxb5 axb5 12. Bxb5+ Nd7 13. Ne5 Bc8 14. Rc1 Nef6 15. g4 h6 16. h4 g5 17. hxg5 hxg5 18. Bxg5 Bg7 19. Bxf6 exf6 20. Rxc8 Rxc8 21. Nxd7 Ke7 22. Qb3 Qc7 23. f4 Qc2 24. Qxc2 Rxc2 25. Rf2 Rxf2 26. Kxf2 Rh2+ 27. Kf3 Rxb2 28. a4 Rxb5 29. axb5 Kxd7 30. e4 dxe4+ 31. Kxe4 f5+ 32. Kxf5 Bxd4 33. g5 1/2-1/2

[Event "EU-chT Seniors 08th"]
[Site "Dresden"]
[Date "2006.02.21"]
[Round "5"]
[White "Duemmke, Juergen"]
[Black "Singleton, Michael Peter F"]
[Result "0-1"]
[WhiteElo "2099"]
[BlackElo "2157"]
[PlyCount "86"]
[EventDate "2006.02.17"]
[EventType "team-swiss"]
[EventRounds "8"]
[EventCountry "GER"]
[SourceTitle "CBM 111 Extra"]
[Source "ChessBase"]
[SourceDate "2006.05.09"]
[SourceVersion "1"]
[SourceVersionDate "2006.05.09"]
[SourceQuality "1"]
[WhiteTeam "DBAG/BSW"]
[BlackTeam "Great Britain III"]
[WhiteTeamCountry "GER"]
[BlackTeamCountry "GBR"]

1. e4 c5 2. Nf3 Nc6 3. Bb5 g6 4. Bxc6 dxc6 5. d3 Bg7 6. Nbd2 Nf6 7. a4 0-0 8. a5 h6 9. Nc4 Be6 10. Nfe5 Qc7 11. f4 b5 12. axb6 axb6 13. Bd2 b5 14. Ba5 Qb7 15. Ne3 b4 16. 0-0 Ra6 17. f5 gxf5 18. Nxf5 Bxf5 19. Rxf5 e6 20. Rf3 Nxe4 21. Nxf7 Rxf7 22. dxe4 Rxf3 23. Qxf3 Bxb2 24. Rf1 Qg7 25. Bc7 Ra1 26. Rxa1 Bxa1 27. Bf4 Bd4+ 28. Kh1 Qf6 29. h3 e5 30. Bd2 Qxf3 31. gxf3 Kg7 32. Kg2 Bb2 33. f4 exf4 34. Kf3 Ba3 35. Kxf4 c4 36. Kf5 Kf7 37. e5 b3 38. cxb3 cxb3 39. e6+ Ke7 40. Bc3 b2 41. Bf6+ Ke8 42. Bxb2 Bxb2 43. Kg6 Ke7 0-1

[Event "EU-chT Seniors 08th"]
[Site "Dresden"]
[Date "2006.02.20"]
[Round "4"]
[White "Singleton, Michael Peter F"]
[Black "Hallerod, Ralph"]
[Result "0-1"]
[WhiteElo "2157"]
[BlackElo "2171"]
[PlyCount "77"]
[EventDate "2006.02.17"]
[EventType "team-swiss"]
[EventRounds "8"]
[EventCountry "GER"]
[SourceTitle "CBM 111 Extra"]
[Source "ChessBase"]
[SourceDate "2006.05.09"]
[SourceVersion "1"]
[SourceVersionDate "2006.05.09"]
[SourceQuality "1"]
[WhiteTeam "Great Britain III"]
[BlackTeam "Sweden"]
[WhiteTeamCountry "GBR"]
[BlackTeamCountry "SWE"]

1. d4 Nf6 2. c4 e6 3. Nc3 Bb4 4. e3 0-0 5. Nge2 b6 6. a3 Bxc3+ 7. Nxc3 Bb7 8. Bd3 d5 9. b3 Ne4 10. Ne2 Nd7 11. 0-0 f5 12. Bb2 Rf6 13. Qe1 Rh6 14. f3 Qg5 15. Nf4 Nd6 16. Rd1 Qf6 17. Rd2 g5 18. Ne2 Qe7 19. Nc3 Nf6 20. Re2 Rf8 21. c5 bxc5 22. dxc5 Nf7 23. b4 Ne5 24. Rd2 Nxd3 25. Rxd3 e5 26. e4 d4 27. Nd5 Nxd5 28. exd5 Qg7 29. Rf2 Bxd5 30. Qc1 Rg6 31. b5 c6 32. a4 g4 33. f4 Be4 34. Rg3 h5 35. fxe5 h4 36. Ra3 g3 37. hxg3 hxg3 38. Rff3 d3 39. Qc4+ 0-1

[Event "EU-chT Seniors 08th"]
[Site "Dresden"]
[Date "2006.02.19"]
[Round "3"]
[White "Ofstad, Per"]
[Black "Singleton, Michael Peter F"]
[Result "1/2-1/2"]
[WhiteElo "2173"]
[BlackElo "2157"]
[PlyCount "100"]
[EventDate "2006.02.17"]
[EventType "team-swiss"]
[EventRounds "8"]
[EventCountry "GER"]
[SourceTitle "CBM 111 Extra"]
[Source "ChessBase"]
[SourceDate "2006.05.09"]
[SourceVersion "1"]
[SourceVersionDate "2006.05.09"]
[SourceQuality "1"]
[WhiteTeam "Norway"]
[BlackTeam "Great Britain III"]
[WhiteTeamCountry "NOR"]
[BlackTeamCountry "GBR"]

1. e4 c5 2. c3 d5 3. exd5 Qxd5 4. d4 cxd4 5. cxd4 Nc6 6. Nf3 e5 7. Nc3 Bb4 8. Bd2 Bxc3 9. Bxc3 e4 10. Ne5 Nxe5 11. dxe5 Ne7 12. Qe2 0-0 13. Rd1 Qxa2 14. Qxe4 Bf5 15. Qc4 Be6 16. Qxa2 Bxa2 17. Be2 Nd5 18. Bd4 Nf4 19. g3 Bd5 20. f3 Nxe2 21. Kxe2 Rfe8 22. Kf2 Rac8 23. Bc3 Rcd8 24. Rhe1 Bb3 25. Rd6 Rxd6 26. exd6 Rxe1 27. Bxe1 Be6 28. Ke3 Kf8 29. g4 Ke8 30. g5 Kd7 31. Bg3 a5 32. Kd4 Kc6 33. Be5 g6 34. Bf4 b5 35. Bg3 b4 36. Be5 a4 37. Kd3 Kd5 38. f4 Bf5+ 39. Kd2 Kc4 40. Kc1 Kb3 41. Bd4 Kc4 42. Be5 Kd3 43. Kd1 Bg4+ 44. Kc1 Ke3 45. Kc2 Bf5+ 46. Kd1 a3 47. bxa3 bxa3 48. Kc1 Kf3 49. Kd2 a2 50. Kc1 Be6 1/2-1/2

[Event "BCF-chT4 0506 (4NCL)"]
[Site "West Bromwich"]
[Date "2005.12.04"]
[Round "4.4"]
[White "Singleton, Michael Peter F"]
[Black "Quinn, John M"]
[Result "0-1"]
[WhiteElo "2105"]
[BlackElo "2080"]
[PlyCount "146"]
[EventDate "2005.11.05"]
[EventType "team"]
[EventRounds "11"]
[EventCountry "ENG"]
[SourceTitle "CBM 109 Extra"]
[Source "ChessBase"]
[SourceDate "2006.01.03"]
[SourceVersion "2"]
[SourceVersionDate "2006.01.03"]
[SourceQuality "1"]
[WhiteTeam "Guildford IV"]
[BlackTeam "Athenaeum"]
[WhiteTeamCountry "ENG"]
[BlackTeamCountry "ENG"]

1. d4 Nf6 2. c4 e6 3. Nc3 Bb4 4. e3 c5 5. Bd3 b6 6. Nge2 Bb7 7. 0-0 0-0 8. f4 d5 9. f5 Nc6 10. fxe6 fxe6 11. Nf4 Qd6 12. cxd5 exd5 13. Nb5 Qd7 14. a3 c4 15. Bc2 Bd6 16. Nxd6 Qxd6 17. Bd2 Rae8 18. Rf3 Bc8 19. Rg3 Ne4 20. Bxe4 Rxe4 21. Qh5 Bf5 22. Rf1 Re7 23. Nh3 Be4 24. Rxf8+ Kxf8 25. Ng5 Qg6 26. Qg4 Kg8 27. Nxe4 Qxg4 28. Rxg4 Rxe4 29. Rxe4 dxe4 30. Kf2 Ne7 31. Kg3 Nd5 32. Kg4 g6 33. h4 h5+ 34. Kg5 Kf7 35. g4 hxg4 36. Kxg4 Kf6 37. h5 gxh5+ 38. Kxh5 Kf5 39. Kh4 b5 40. Kg3 a6 41. Kf2 Ne7 42. Kg3 Ke6 43. Kf2 Kd5 44. Ke2 Nc6 45. Kd1 Ne7 46. Kc2 Kc6 47. b3 Nd5 48. a4 cxb3+ 49. Kxb3 Kd6 50. axb5 axb5 51. Kc2 Ke6 52. Kd1 Kf5 53. Ke2 Kg4 54. Bc1 b4 55. Kd1 b3 56. Ke2 Nb6 57. Kd2 Na4 58. Ba3 Kf5 59. Bf8 Ke6 60. Bh6 Kd5 61. Bg5 Kc4 62. Bh6 Nb6 63. Bf8 Nd5 64. Ba3 Nc3 65. Bb2 Nb5 66. Bc1 Kb4 67. Bb2 Nc7 68. Ke2 Nd5 69. Kd2 Nb6 70. Bc3+ Ka3 71. Kc1 Ka2 72. d5 Nxd5 73. Bd4 Nxe3 0-1

[Event "BCF-chT4 0506 (4NCL)"]
[Site "West Bromwich"]
[Date "2005.12.03"]
[Round "3.4"]
[White "Tompson, John C"]
[Black "Singleton, Michael Peter F"]
[Result "0-1"]
[WhiteElo "2050"]
[BlackElo "2105"]
[PlyCount "66"]
[EventDate "2005.11.05"]
[EventType "team"]
[EventRounds "11"]
[EventCountry "ENG"]
[SourceTitle "CBM 109 Extra"]
[Source "ChessBase"]
[SourceDate "2006.01.03"]
[SourceVersion "2"]
[SourceVersionDate "2006.01.03"]
[SourceQuality "1"]
[WhiteTeam "3CS Oldham II"]
[BlackTeam "Guildford IV"]
[WhiteTeamCountry "ENG"]
[BlackTeamCountry "ENG"]

1. e4 c5 2. Nf3 Nc6 3. Bb5 g6 4. Bxc6 dxc6 5. 0-0 Nf6 6. d3 Bg7 7. Nc3 0-0 8. Be3 b6 9. h3 h6 10. Qe1 Qc7 11. Nh2 Nh5 12. f4 Bd4 13. Bxd4 cxd4 14. Ne2 c5 15. Qh4 Kh7 16. f5 Nf6 17. Ng4 Nxg4 18. fxg6+ fxg6 19. hxg4 Be6 20. Rf3 Kg7 21. Raf1 Rf7 22. Nf4 Rxf4 23. Rxf4 g5 24. Qh5 gxf4 25. g5 Rh8 26. e5 Qxe5 27. gxh6+ Kf6 28. Qh4+ Qg5 29. Rxf4+ Kg6 30. Qf2 Qxh6 31. Qg3+ Qg5 32. Qf3 Bd5 33. Qf2 e5 0-1